000 00289nam a22001337a 4500
008 171016b xxu||||| |||| 00| 0 eng d
020 _a9780673980564
041 _aeng
080 _29TH
_a33
100 _a52
101 _aEKO
245 _aECONOMICS TODAY
_cMILLER.R.L
942 _2udc
_cBK
999 _c34051
_d34051